000 01175nam a2200289 a 4500
001 000013266
003 DO-SdBNP
005 20251104113614.0
008 091123s1944 dr 000 0 spa d
040 _aDO-SdBNP
_bspa
_cBNPHU
049 _aBNPD
082 _a330.097293
_bR311f
245 0 0 _aReconstrucción financiera de la República Dominicana.
260 _aSantiago de los Caballeros, República Domincana :
_bEl Diario,
_c1944.
300 _a3 v. ;
_c25 cm.
490 1 _aTrujillo
_aDocumentos y estudios históricos
_vv. 3
500 _a"Centenario de la República 1844-1944"
505 2 _av. 1 Antecedentes (1903 - 1930) -- v. 2 La solución (1930 - 1940) -- v. 3 Reconstrucción financiera
590 _aPerteneció a la biblioteca personal de Juan Isidro Jimenes Grullón
650 4 _aFinanzas
_zRepública Dominicana
_96442
650 0 _aCuestión monetaria
_930465
651 4 _aRepública Dominicana
_xCondiciones Económicas
_9281
651 4 _aRepública Dominicana
_xPolítica Económica
_xHistoria
_910018
830 0 _aTrujillo
_pDocumentos y estudios históricos
_n3
_930466
910 _aValidado. Control de calidad BNPHU
942 _2ddc
_cLF2
999 _c12896
_d12896